Foot Fiction : Equipe de France 2022 - Statistiques

Statistiques générales
  • Ce quiz a été pris 895 fois
  • Le résultat moyen est 10 sur 23
Statistiques - réponses
Poste Club Numéro Joueur % Correct
G Tottenham Hotspur 1 Hugo Lloris
96%
G Paris SG 23 Alphonse Aréola
88%
DC Real Madrid 4 Raphaël Varane
73%
A Real Madrid 10 Kylian Mbappé
69%
MDC Juventus Turin 6 Paul Pogba
64%
DD Bayern Munich 2 Benjamin Pavard
62%
DG Bayern Munich 21 Lucas Hernandez
62%
A Inter Milan 7 Antoine Griezmann
51%
DG Real Madrid 3 Ferland Mendy
51%
MDC Real Madrid 13 N'Golo Kanté
47%
DC FC Barcelone 17 Clément Lenglet
46%
MDC Real Madrid 18 Eduardo Camavinga
41%
A AS Monaco FC 9 Wissam Ben Yedder
39%
A Manchester United 11 Moussa Dembélé
36%
MDC Arsenal FC 14 Mattéo Guendouzi
32%
MDC Juventus Turin 8 Houssem Aouar
26%
MO Manchester City 19 Kingsley Coman
25%
DC Manchester United 5 Dayot Upamecano
23%
DC Olympique de Marseille 15 Boubacar Kamara
17%
DD Paris SG 12 Nordi Mukiele
16%
MO Olympique Lyonnais 22 Rayan Cherki
13%
MO Everton FC 20 Florian Thauvin
11%
G Olympique de Marseille 16 Gautier Larsonneur
1%
Aucun quiz correspondant
Distribution des résultats
% des personnes avec chaque résultat
Percentile par nombre de réponses
Votre historique - résultats
Vous n’avez pas pris ce quiz